000 00974cab a2200277 4500
001 ABS57231
008 090401t1997 xxu||||| |||| 00| 0 eng d
035 _a(Sirsi) u79614
041 _aeng
100 _aFleming, H.
245 _aFitness for purpose: the implied design obligation in construction contracts
260 _c1997
350 _a0
490 _aConstruction Law Journal
_v13(4) 1997, 227-242(16)
520 _aConsiders the fitness for purpose obligation implied by design and build construction contracts and the reasons proposed by the courts for the imposition of strict liability definitions.
650 _aBUILT ENVIRONMENT-BUILDING CONTRACT FORMS
650 _aDESIGN AND BUILD CONTRACTS
650 _aFITNESS FOR PURPOSE
650 _aIMPLIED OBLIGATIONS
650 _aIMPLIED TERMS
650 _aLIABILITY
650 _aMAIN CONTRACTORS
690 _aBUILT ENVIRONMENT-BUILDING CONTRACT FORMS
942 _n0
948 _c15/07/1997
999 _c50063
_d50063